000 00546nam a2200205Ia 4500
003 OSt
005 20230320143720.0
008 210423s2012 xx 000 0 und d
020 _a978173816987
040 _cAL
041 _aeng
082 _a541.3028 MAIS
100 _aMAITY (Saroj Kumar);GHOSH (Naba Kumar).
_943583
245 _aPhysical chemistry: practical.
260 _aLondon
_bNew Central Book Agency
_c2012
300 _axiii,301
_bPB
365 _b295
_cINR
906 _achemistry: ; Physical ; practical.
942 _2ddc
_cBK
999 _c154879
_d154879